000 00315nam a22001337a 4500
008 181004b xxu||||| |||| 00| 0 eng d
020 _a9780130669520
041 _aeng
080 _28 ED
_a338
100 _a52
101 _aMAN
245 _aQuantitative Analysis For Management
_cRender,B
942 _2udc
_cBK
999 _c48841
_d48841